00422nam a2200157 i 450000100060000000300090000600500170001500700030003200800410003510000210007624500500009725000130014726000610016030000220022185200210024344115ES-MaACL20230906160946.0t|030320s1916 fr ||||1| fre d1 aCestre, Charles.12aL'Angleterre et la guerre / cCharles Cestre. a2eme ed. aParís : b[s.n., c1916] (fChronographie Française) a372 p. ; c19 cm. aES-MaACLjF-5849